[Event "SR 3. liga A2 2006/2007"]
[Site "?"]
[Date "2006.11.05"]
[Round "3"]
[White "Bincik, Pavol"]
[Black "Bilovsky, Milan"]
[Result "1/2-1/2"]
[WhiteElo "1937"]
[BlackElo "1880"]
[Annotator "Piestany B - Holíc  /5/"]
[PlyCount "94"]
[EventDate "2006.??.??"]

1. d4 d5 2. c4 c6 3. Nc3 Nf6 4. Nf3 e6 5. Bg5 Be7 6. e3 Nbd7 7. Bd3 O-O 8. O-O
dxc4 9. Bxc4 b5 10. Bd3 b4 11. Ne4 c5 12. Nxf6+ Nxf6 13. dxc5 Bxc5 14. Bxh7+
Kh8 15. Qc2 Be7 16. Be4 Nxe4 17. Qxe4 Bxg5 18. Nxg5 Qxg5 19. Qxa8 Qe7 20. Rfc1
Ba6 21. Qc6 Be2 22. Rc2 Bh5 23. Rac1 Rd8 24. h3 Qf6 25. Qb5 Bg6 26. Rc8 Bf5 27.
Qxb4 Kh7 28. Rxd8 Qxd8 29. e4 Qg5 30. Rc3 Bg6 31. Re3 a5 32. Qc3 Qh5 33. b4
axb4 34. Qxb4 Qd1+ 35. Re1 Qc2 36. a4 Qc6 37. a5 Qa8 38. f3 f5 39. exf5 Bxf5
40. Qb6 Qf8 41. a6 Bxh3 42. gxh3 Qxf3 43. Qxe6 Qg3+ 44. Kh1 Qf3+ 45. Kh2 Qf2+
46. Kh1 Qf3+ 47. Kg1 Qg3+ 1/2-1/2

[Event "SR 3. liga A2 2006/2007"]
[Site "?"]
[Date "2006.11.05"]
[Round "3"]
[White "Holly, Milan"]
[Black "Orvisky, Vladimir"]
[Result "1-0"]
[WhiteElo "1776"]
[BlackElo "1904"]
[Annotator "Piestany B - Holíc  /6/"]
[PlyCount "69"]
[EventDate "2006.??.??"]

1. Nf3 d5 2. b3 c5 3. e3 Nf6 4. Bb2 Nbd7 5. c4 e6 6. Be2 Be7 7. O-O O-O 8. d4
b6 9. Nc3 Bb7 10. cxd5 Nxd5 11. Rc1 Rc8 12. g3 cxd4 13. Nxd5 Bxd5 14. Nxd4 Nf6
15. Ba6 Rxc1 16. Bxc1 Qa8 17. f3 Rd8 18. Qe2 Bc5 19. Bb2 Ne8 20. Bc4 Bb7 21. a3
a5 22. Nb5 Nd6 23. Nxd6 Rxd6 24. Kg2 Qd8 25. Rf2 Rd2 26. Qxd2 Qxd2 27. Rxd2 h6
28. Bd4 Bxa3 29. Bxb6 Bb4 30. Rd8+ Kh7 31. Rd7 Bc6 32. Rxf7 a4 33. bxa4 Bxa4
34. Bd3+ Kg8 35. Rf4 1-0

[Event "SR 3. liga A2 2006/2007"]
[Site "?"]
[Date "2006.11.05"]
[Round "3"]
[White "Gono, Michal"]
[Black "Harasta, Juraj"]
[Result "1-0"]
[WhiteElo "1593"]
[BlackElo "1723"]
[Annotator "Piestany B - Holíc  /7/"]
[PlyCount "51"]
[EventDate "2006.??.??"]

1. d4 d5 2. c4 e6 3. Nc3 Nf6 4. Bg5 c6 5. e3 Be7 6. Nf3 Nbd7 7. Rc1 O-O 8. Bd3
h6 9. Bh4 dxc4 10. Bxc4 Nd5 11. Bxe7 Qxe7 12. Ne4 b6 13. O-O Bb7 14. Bxd5 exd5
15. Ng3 c5 16. Re1 Rac8 17. dxc5 Rxc5 18. Qd4 Rfc8 19. Rxc5 Qxc5 20. Qa4 Bc6
21. Qg4 Qc4 22. Nd4 Rd8 23. Ngf5 g6 24. Ne7+ Kh7 25. Nexc6 Nf6 26. Qf4 1-0

[Event "SR 3. liga A2 2006/2007"]
[Site "?"]
[Date "2006.11.05"]
[Round "3"]
[White "Brisudova, Veronika"]
[Black "Siska, Michal"]
[Result "0-1"]
[WhiteElo "1664"]
[BlackElo "1623"]
[Annotator "Piestany B - Holíc  /8/"]
[PlyCount "102"]
[EventDate "2006.??.??"]

1. e4 e6 2. d4 Nf6 3. Bd3 d5 4. e5 Nfd7 5. Nf3 c5 6. c3 Be7 7. O-O Nc6 8. Be3
b6 9. Nbd2 Bb7 10. b3 cxd4 11. cxd4 Nf8 12. Qe2 Ng6 13. Ba6 Bxa6 14. Qxa6 O-O
15. a3 Qc8 16. Qd3 h6 17. Rfc1 Qb7 18. g3 Rfc8 19. h4 Bf8 20. h5 Nge7 21. Nh4
Rc7 22. Qe2 Rac8 23. Qg4 Kh8 24. Qf4 Nd8 25. Ndf3 Kg8 26. Qg4 Kh8 27. Rd1 Rc3
28. b4 Qa6 29. Kg2 Rxa3 30. Rab1 Qb5 31. Rh1 Ra4 32. Qf4 Qd3 33. g4 Qe4 34. Qg3
Ndc6 35. g5 Rxb4 36. Rbe1 Nf5 37. Nxf5 Qxf5 38. g6 Be7 39. gxf7 Qxf7 40. Nh4
Bxh4 41. Rxh4 Ne7 42. Qh3 Nf5 43. Rf4 Rb2 44. Rf3 Rcc2 45. Bc1 Ra2 46. Be3 b5
47. Kg1 b4 48. Qf1 Qxh5 49. Rh3 Qg4+ 50. Kh1 Nxe3 51. Rexe3 Rxf2 0-1

[Event "SR 3. liga A2 2006/2007"]
[Site "?"]
[Date "2006.11.05"]
[Round "3"]
[White "Diviak, Rastislav"]
[Black "Schmikli, Laszlo"]
[Result "0-1"]
[WhiteElo "1958"]
[BlackElo "2236"]
[Annotator "Osuské B - Velký Meder  /1/"]
[PlyCount "104"]
[EventDate "2006.??.??"]

1. e4 Nc6 2. Nf3 e5 3. Bb5 Bc5 4. O-O Nd4 5. Nxd4 Bxd4 6. c3 Bb6 7. d4 c6 8.
Ba4 d6 9. Na3 Nf6 10. Bg5 h6 11. Bxf6 Qxf6 12. d5 Bd7 13. Nc4 Bc7 14. Ne3 O-O
15. b4 a5 16. a3 Qg6 17. Qd3 b5 18. Bb3 c5 19. Bc2 c4 20. Qe2 Bb6 21. Kh1 Bxe3
22. Qxe3 axb4 23. axb4 f5 24. exf5 Bxf5 25. Bxf5 Qxf5 26. Kg1 Qf7 27. Qd2 Qb7
28. Rad1 Ra3 29. f4 Qa7+ 30. Kh1 exf4 31. Rxf4 Rxf4 32. Qxf4 Ra1 33. Qf1 Rxd1
34. Qxd1 Qe3 35. Qa1 Qd2 36. h3 Qxd5 37. Qa6 Kh7 38. Qc8 Qe5 39. Qd7 h5 40. Qf7
Kh6 41. Qf3 d5 42. Qf8 Qxc3 43. Qd6+ g6 44. Qf4+ Kh7 45. Qf7+ Qg7 46. Qxd5 Qc7
47. g4 hxg4 48. h4 c3 49. h5 c2 50. hxg6+ Kh6 51. Qd2+ Kh5 52. Qd5+ Kh4 0-1

[Event "SR 3. liga A2 2006/2007"]
[Site "?"]
[Date "2006.11.05"]
[Round "3"]
[White "Ress, Tamas"]
[Black "Pericka, Tomas"]
[Result "1-0"]
[WhiteElo "2147"]
[BlackElo "1913"]
[Annotator "Osuské B - Velký Meder  /2/"]
[PlyCount "81"]
[EventDate "2006.??.??"]

1. d4 Nf6 2. c4 e6 3. Nf3 d5 4. Nc3 c6 5. Bg5 dxc4 6. e4 b5 7. e5 h6 8. Bh4 g5
9. Nxg5 hxg5 10. Bxg5 Nbd7 11. g3 Bb7 12. Bg2 Qc7 13. exf6 O-O-O 14. O-O e5 15.
d5 Nc5 16. Qg4+ Kb8 17. a4 b4 18. dxc6 Bxc6 19. Nb5 Qb7 20. Bxc6 Qxc6 21. Qxc4
a6 22. Qxf7 Qb7 23. Qc4 axb5 24. axb5 Ne4 25. Be3 Bc5 26. Bxc5 Nd2 27. Ba7+
Qxa7 28. Rxa7 Nxc4 29. Rfa1 Nxb2 30. Re7 Nd3 31. b6 Rc8 32. b7 Rc7 33. Ra8+
Kxb7 34. Rxh8 b3 35. Rxc7+ Kxc7 36. f7 b2 37. Rb8 Kxb8 38. f8=Q+ Kc7 39. Qf7+
Kd6 40. Qb3 e4 41. f3 1-0

[Event "SR 3. liga A2 2006/2007"]
[Site "?"]
[Date "2006.11.05"]
[Round "3"]
[White "Hanzluvka, Peter"]
[Black "Csefalvay, Stefan"]
[Result "1/2-1/2"]
[WhiteElo "2042"]
[BlackElo "1957"]
[Annotator "Osuské B - Velký Meder  /3/"]
[PlyCount "98"]
[EventDate "2006.??.??"]

1. e4 c5 2. Nf3 Nc6 3. d4 cxd4 4. Nxd4 Nf6 5. Nc3 d6 6. Bc4 e5 7. Nf3 Be7 8.
O-O O-O 9. Be3 Bg4 10. h3 Bh5 11. Kh2 a6 12. Rg1 Rc8 13. Bb3 b5 14. a3 Na5 15.
Nd5 Nxd5 16. Bxd5 Qc7 17. c3 Nc4 18. Bc1 Nb6 19. g4 Bg6 20. Re1 Nxd5 21. Qxd5
Qc6 22. Qxc6 Rxc6 23. h4 f6 24. h5 Bf7 25. Nh4 Rd8 26. Nf5 Bf8 27. Ne3 d5 28.
exd5 Bxd5 29. Rd1 Rcd6 30. Rxd5 Rxd5 31. Nxd5 Rxd5 32. Be3 Kf7 33. Rc1 Bc5 34.
Bxc5 Rxc5 35. Rd1 Ke7 36. Kg3 g6 37. hxg6 hxg6 38. Kf3 Rc4 39. Rh1 Kd6 40. Rh7
Rf4+ 41. Kg3 g5 42. Ra7 Ra4 43. Rf7 Rf4 44. Rb7 Kc6 45. Ra7 Kb6 46. Re7 a5 47.
Re6+ Kc5 48. f3 a4 49. Ra6 Kc4 1/2-1/2

[Event "SR 3. liga A2 2006/2007"]
[Site "?"]
[Date "2006.11.05"]
[Round "3"]
[White "Szitasi, Janos"]
[Black "Karlik, Lukas"]
[Result "1-0"]
[WhiteElo "1996"]
[BlackElo "1842"]
[Annotator "Osuské B - Velký Meder  /4/"]
[PlyCount "45"]
[EventDate "2006.??.??"]

1. e4 d5 2. exd5 Qxd5 3. Nc3 Qa5 4. Nf3 Nf6 5. Bc4 Bg4 6. h3 Bxf3 7. Qxf3 c6 8.
O-O e6 9. d4 Bd6 10. Ne4 Nxe4 11. Qxe4 Nd7 12. Qg4 O-O 13. Bh6 g6 14. Bxf8 Bxf8
15. Bxe6 Nf6 16. Qf4 Bg7 17. Bb3 Rd8 18. c3 Nd5 19. Qf3 Qc7 20. Rae1 b5 21. Re2
a5 22. Rfe1 a4 23. Bxd5 1-0

[Event "SR 3. liga A2 2006/2007"]
[Site "?"]
[Date "2006.11.05"]
[Round "3"]
[White "Blazkova, Barbora"]
[Black "Vizvari, Ludovit"]
[Result "0-1"]
[WhiteElo "1960"]
[BlackElo "2033"]
[Annotator "Osuské B - Velký Meder  /5/"]
[PlyCount "50"]
[EventDate "2006.??.??"]

1. d4 d5 2. c4 e6 3. Nf3 c5 4. e3 Nc6 5. Nc3 Nf6 6. Be2 a6 7. cxd5 Nxd5 8. Nxd5
exd5 9. dxc5 Bxc5 10. O-O O-O 11. Qc2 Qe7 12. Rd1 Rd8 13. a3 h6 14. b4 Ba7 15.
Bxa6 Nxb4 16. axb4 bxa6 17. Qb3 Bg4 18. Rxa6 Bxf3 19. gxf3 Qg5+ 20. Kh1 Qh5 21.
f4 Qf3+ 22. Kg1 Bxe3 23. Bxe3 Rxa6 24. b5 Rg6+ 25. Kf1 Rg2 0-1

[Event "SR 3. liga A2 2006/2007"]
[Site "?"]
[Date "2006.11.05"]
[Round "3"]
[White "Vegh, Vince"]
[Black "Skapik, Branislav"]
[Result "0-1"]
[WhiteElo "1846"]
[BlackElo "1800"]
[Annotator "Osuské B - Velký Meder  /6/"]
[PlyCount "102"]
[EventDate "2006.??.??"]

1. e4 e5 2. Nf3 Nc6 3. Bb5 a6 4. Ba4 Nf6 5. O-O b5 6. Bb3 d6 7. h3 Be7 8. c3
O-O 9. Re1 Na5 10. Bc2 c5 11. d4 Qc7 12. Nbd2 Re8 13. d5 Bd7 14. Nf1 b4 15.
cxb4 cxb4 16. b3 Rec8 17. Bd3 Nb7 18. Be3 Nc5 19. Rc1 Qb8 20. Bxc5 Rxc5 21.
Rxc5 dxc5 22. Ne3 Bb5 23. Qc2 g6 24. Bc4 Nd7 25. Rd1 Qd6 26. Qd3 Rb8 27. Nd2
Bg5 28. Nf3 Bxe3 29. Qxe3 Bxc4 30. bxc4 f6 31. Nd2 a5 32. Qb3 Nb6 33. Qd3 Na4
34. Nb3 Nb2 35. Qe2 Nxd1 36. Qxd1 Ra8 37. Qd2 a4 38. Nc1 Kg7 39. Qe3 Rc8 40. g3
Qa6 41. Qd3 Qa5 42. Kg2 Rb8 43. f4 b3 44. axb3 axb3 45. d6 b2 46. Nb3 Qa2 47.
Nd2 b1=Q 48. Qd5 Qxd2+ 49. Qxd2 Rb2 50. Qxb2 Qxb2+ 51. Kf3 Qd4 0-1

[Event "SR 3. liga A2 2006/2007"]
[Site "?"]
[Date "2006.11.05"]
[Round "3"]
[White "Cajka, Tibor"]
[Black "Magyarics, Jozef"]
[Result "1/2-1/2"]
[WhiteElo "1784"]
[BlackElo "1546"]
[Annotator "Osuské B - Velký Meder  /7/"]
[PlyCount "100"]
[EventDate "2006.??.??"]

1. e4 e5 2. Nf3 Nc6 3. Bc4 Bc5 4. O-O Nf6 5. d3 h6 6. c3 d5 7. exd5 Nxd5 8. Re1
O-O 9. Nbd2 Bg4 10. Ne4 Bb6 11. h3 Bh5 12. Ng3 Bg6 13. Kf1 Nf6 14. Nxe5 Nxe5
15. Rxe5 c6 16. d4 Bc7 17. Re3 Nd5 18. Rf3 Re8 19. Qb3 b6 20. Bxd5 cxd5 21. Re3
Qd7 22. Ne2 Re6 23. Bd2 Rae8 24. Re1 Qd6 25. Rxe6 Rxe6 26. Bf4 Qc6 27. Bxc7
Qxc7 28. Qd1 Qh2 29. f3 Be4 30. Ng1 Bd3+ 31. Qxd3 Rxe1+ 32. Kxe1 Qxg1+ 33. Qf1
Qe3+ 34. Kd1 g5 35. Qe2 Qg1+ 36. Qe1 Qxg2 37. Qe8+ Kg7 38. Qe5+ Kg6 39. Qxd5
Qxb2 40. Qe4+ Kg7 41. Qe5+ Kg6 42. d5 Qb1+ 43. Kd2 Qxa2+ 44. Ke3 Qa5 45. Qe4+
Kf6 46. Qd4+ Ke7 47. Ke4 Qc5 48. Qe5+ Kd7 49. Qf5+ Ke7 50. Qe5+ Kd7 1/2-1/2

[Event "SR 3. liga A2 2006/2007"]
[Site "?"]
[Date "2006.11.05"]
[Round "3"]
[White "Korosi, Gejza"]
[Black "Pericka, Pavol"]
[Result "0-1"]
[WhiteElo "1535"]
[BlackElo "1716"]
[Annotator "Osuské B - Velký Meder  /8/"]
[PlyCount "48"]
[EventDate "2006.??.??"]

1. e4 e5 2. Nf3 Nc6 3. Bc4 Nf6 4. d3 Be7 5. O-O d5 6. exd5 Nxd5 7. Bxd5 Qxd5 8.
Nc3 Qa5 9. Bd2 Bg4 10. Ne2 Qd5 11. Nc3 Qd7 12. Be3 f5 13. Qc1 Bxf3 14. gxf3 f4
15. Bd2 Qh3 16. Qd1 Nd4 17. a3 Nxf3+ 18. Qxf3 Qxf3 19. Rae1 O-O-O 20. Rxe5 Rd6
21. Ne4 Rg6+ 22. Ng3 fxg3 23. fxg3 Rxg3+ 24. hxg3 Qxg3+ 0-1

[Event "SR 3. liga A2 2006/2007"]
[Site "?"]
[Date "2006.11.05"]
[Round "3"]
[White "Pribila, Michal"]
[Black "Halas, Miroslav"]
[Result "0-1"]
[WhiteElo "2095"]
[BlackElo "1996"]
[Annotator "Gbely - Trnava C  /1/"]
[PlyCount "64"]
[EventDate "2006.??.??"]

1. e4 c6 2. d4 d5 3. exd5 cxd5 4. c4 Nf6 5. Nc3 e6 6. c5 Nc6 7. Nf3 Be7 8. Bf4
a6 9. Na4 Nd7 10. a3 O-O 11. Bd3 e5 12. dxe5 Nxc5 13. Nxc5 Bxc5 14. Bxh7+ Kh8
15. Bd3 Qb6 16. Qd2 Bg4 17. Bg3 Rfe8 18. Qg5 Bxf3 19. gxf3 Qxb2 20. O-O Nxe5
21. Qh5+ Kg8 22. Bxe5 Qxe5 23. Qh7+ Kf8 24. Qh8+ Ke7 25. Qh4+ Kd7 26. Rfe1 Qd6
27. Bf5+ Kc6 28. Rxe8 Rxe8 29. Qa4+ b5 30. Qxa6+ Kc7 31. Qxb5 Rh8 32. h3 Qg3+
0-1

[Event "SR 3. liga A2 2006/2007"]
[Site "?"]
[Date "2006.11.05"]
[Round "3"]
[White "Bukovsky, Milan"]
[Black "Pribila, Gerhard"]
[Result "1/2-1/2"]
[WhiteElo "2036"]
[BlackElo "2022"]
[Annotator "Gbely - Trnava C  /2/"]
[PlyCount "48"]
[EventDate "2006.??.??"]

1. c4 Nf6 2. Nc3 c6 3. Nf3 d5 4. d4 e6 5. e3 Nbd7 6. Bd3 dxc4 7. Bxc4 b5 8. Bd3
Bb7 9. O-O a6 10. b3 c5 11. Bb2 Be7 12. Rc1 O-O 13. Bb1 cxd4 14. Nxd4 Nc5 15.
f3 b4 16. Nce2 Qb6 17. Kh1 Rfd8 18. Qe1 a5 19. Qh4 h6 20. e4 Kf8 21. Qg3 Ba6
22. Rfd1 Bxe2 23. Nxe2 Rxd1+ 24. Rxd1 Rd8 $11 1/2-1/2

[Event "SR 3. liga A2 2006/2007"]
[Site "?"]
[Date "2006.11.05"]
[Round "3"]
[White "Vach, Jozef"]
[Black "Krist, Milan"]
[Result "0-1"]
[WhiteElo "1992"]
[BlackElo "2039"]
[Annotator "Gbely - Trnava C  /3/"]
[PlyCount "63"]
[EventDate "2006.??.??"]

1. d4 d5 2. c4 Nf6 3. Nc3 e6 4. Nf3 Bb4 5. Bd2 O-O 6. e3 b6 7. cxd5 Nxd5 8. Rc1
Bb7 9. Qc2 Nxc3 10. Bxc3 Bd6 11. Bd3 h6 12. e4 Nd7 13. O-O c5 14. Qe2 cxd4 15.
Bxd4 Nc5 16. Bb1 Ba6 17. Qd2 Bxf1 18. Kxf1 e5 19. Be3 Qf6 20. Qe2 Rfd8 21. Nd2
Ne6 22. Kg1 Bc5 23. Nf1 Rac8 24. Qe1 Nf4 25. Bxc5 Rxc5 26. Rxc5 bxc5 27. Ne3
Qg6 28. f3 Qa6 29. h3 Qd6 30. Qa5 Qd4 31. Kh2 Ne2 32. Nd5 0-1

[Event "SR 3. liga A2 2006/2007"]
[Site "?"]
[Date "2006.11.05"]
[Round "3"]
[White "Bahna, Jan"]
[Black "Jozefovic, Milan"]
[Result "1-0"]
[WhiteElo "1978"]
[BlackElo "1956"]
[Annotator "Gbely - Trnava C  /4/"]
[PlyCount "145"]
[EventDate "2006.??.??"]

1. e4 e5 2. Nf3 d6 3. d4 exd4 4. Nxd4 Bd7 5. Nc3 Nc6 6. Bc4 Ne5 7. Bb3 Nf6 8.
O-O Be7 9. f4 Nc6 10. e5 dxe5 11. Nxc6 Bxc6 12. fxe5 Qxd1 13. Nxd1 Nd5 14. c4
Bc5+ 15. Kh1 Ne7 16. Nc3 O-O 17. Bf4 Ng6 18. Bg3 h5 19. h3 a5 20. Bc2 Ne7 21.
Ne4 Bxe4 22. Bxe4 c6 23. Rad1 Rad8 24. Bh4 Rfe8 25. b3 Rd4 26. Rxd4 Bxd4 27.
Rd1 c5 28. Bxb7 Nf5 29. Bg5 Ng3+ 30. Kh2 Bxe5 31. h4 Ne4+ 32. Kg1 Bd4+ 33. Kh2
Nxg5 34. hxg5 Re5 35. Rf1 Rxg5 36. Bd5 Bf6 37. Kh3 Kf8 38. Rf4 Ke7 39. Re4+ Be5
40. Re2 f6 41. Bf3 Kd6 42. Rd2+ Bd4 43. Re2 Be5 44. Rd2+ Ke7 45. Re2 Kf7 46.
Rd2 Kg6 47. Rd5 Kh6 48. Rxc5 Rg3+ 49. Kh2 Rg5+ 50. Kh1 Bc3 51. Rxg5 Kxg5 52. c5
Be5 53. c6 Kf5 54. Bxh5 Ke6 55. Bf3 Kd6 56. g4 g5 57. Kg2 Kc5 58. Kf2 Kb4 59.
Ke3 Ka3 60. Kd3 Kxa2 61. Kc4 Ka3 62. Bd1 Bc7 63. Kd5 Kb2 64. Ke6 Kc1 65. Bf3
Kb2 66. Bd5 Kc3 67. Kd7 Be5 68. c7 Bxc7 69. Kxc7 Kd4 70. Be6 Kc5 71. Kd7 Kd4
72. Ke7 Ke5 73. Bf5 1-0

[Event "SR 3. liga A2 2006/2007"]
[Site "?"]
[Date "2006.11.05"]
[Round "3"]
[White "Kocak, Branislav"]
[Black "Puskas, Miroslav"]
[Result "0-1"]
[WhiteElo "1774"]
[BlackElo "2025"]
[Annotator "Gbely - Trnava C  /5/"]
[PlyCount "82"]
[EventDate "2006.??.??"]

1. d4 d5 2. c4 e6 3. Nf3 c6 4. e3 Nf6 5. Nc3 Bb4 6. Bd2 O-O 7. Bd3 Bxc3 8. Bxc3
dxc4 9. Bxc4 b5 10. Bd3 a5 11. a3 Nd5 12. Qc2 g6 13. O-O Bb7 14. Ne5 Nd7 15.
Nxd7 Qxd7 16. Qd2 Nxc3 17. bxc3 Rfd8 18. Rfd1 c5 19. f4 c4 20. Be2 Be4 21. Rf1
Rab8 22. Bf3 Qd5 23. Bxe4 Qxe4 24. Rab1 e5 25. fxe5 Qxe5 26. Qf2 Qe7 27. Ra1
Re8 28. Rfe1 f5 29. Qd2 Qe4 30. a4 b4 31. cxb4 axb4 32. a5 c3 33. Qe2 Rec8 34.
a6 b3 35. a7 Ra8 36. Ra5 c2 37. Re5 Qxe5 38. dxe5 c1=Q 39. e6 b2 40. e7 Qxe1+
41. Qxe1 Rc1 0-1

[Event "SR 3. liga A2 2006/2007"]
[Site "?"]
[Date "2006.11.05"]
[Round "3"]
[White "Hagara, Vladimir"]
[Black "Zajicek, Ferdinand"]
[Result "0-1"]
[WhiteElo "1975"]
[BlackElo "1753"]
[Annotator "Gbely - Trnava C  /6/"]
[PlyCount "86"]
[EventDate "2006.??.??"]

1. d4 c5 2. d5 Nf6 3. c4 g6 4. Nc3 d6 5. e4 Bg7 6. Be2 O-O 7. Nf3 a6 8. a4 Bg4
9. O-O Nbd7 10. h3 Bxf3 11. Bxf3 Nb6 12. Be2 Nfd7 13. a5 Nc8 14. Qc2 h5 15. Be3
Nf6 16. Bd3 Nd7 17. f4 b6 18. axb6 Qxb6 19. Ra2 Bd4 20. Rf3 Rb8 21. Kh2 Qb3 22.
Qxb3 Rxb3 23. Bc2 Rb4 24. Bc1 Rxc4 25. Rxa6 Ncb6 26. Bd3 Rb4 27. Bc2 Ra8 28.
Rxa8+ Nxa8 29. b3 Nc7 30. Bd2 Rb8 31. Na4 Na6 32. Bd1 Nb4 33. Be2 Nf6 34. Bc3
Nxe4 35. Bxd4 cxd4 36. f5 Nxd5 37. fxg6 fxg6 38. Bc4 Nef6 39. Rf4 Kg7 40. Rxd4
Nb6 41. Bd3 Nbd7 42. b4 Ne5 43. Be2 Nc6 0-1

[Event "SR 3. liga A2 2006/2007"]
[Site "?"]
[Date "2006.11.05"]
[Round "3"]
[White "Papanek, Lubomir"]
[Black "Klanica, Anton"]
[Result "0-1"]
[WhiteElo "1684"]
[BlackElo "1927"]
[Annotator "Gbely - Trnava C  /7/"]
[PlyCount "88"]
[EventDate "2006.??.??"]

1. d4 Nf6 2. c4 e5 3. dxe5 Ng4 4. Nf3 Nc6 5. Bf4 Bb4+ 6. Nc3 Bxc3+ 7. bxc3 Qe7
8. Qd5 Qa3 9. Qd2 Qa5 10. h3 Nh6 11. e4 Ng8 12. Bd3 Nge7 13. O-O Ng6 14. Bg3
Ngxe5 15. Nxe5 Nxe5 16. Bxe5 Qxe5 17. f4 Qc5+ 18. Kh2 b6 19. Rad1 Bb7 20. Bc2
Bc6 21. Qd4 Rg8 22. Qxc5 bxc5 23. e5 h6 24. Rb1 Ke7 25. Rb2 Rab8 26. Rfb1 Rb6
27. g4 Rgb8 28. Rxb6 axb6 29. h4 Ra8 30. Bb3 Ba4 31. h5 Bxb3 32. axb3 Ra2+ 33.
Kg3 Rc2 34. f5 Rxc3+ 35. Kf4 Rd3 36. Ke4 Rd4+ 37. Kf3 f6 38. Re1 Rd3+ 39. Re3
Rxe3+ 40. Kxe3 fxe5 41. Ke4 Kf6 42. Kd5 d6 43. Ke4 c6 44. Ke3 d5 0-1

[Event "SR 3. liga A2 2006/2007"]
[Site "?"]
[Date "2006.11.05"]
[Round "3"]
[White "Jurik, Michal"]
[Black "Brunovsky, Peter"]
[Result "0-1"]
[WhiteElo "1915"]
[BlackElo "1649"]
[Annotator "Gbely - Trnava C  /8/"]
[PlyCount "70"]
[EventDate "2006.??.??"]

1. e4 c6 2. d4 d5 3. Nc3 dxe4 4. Nxe4 Nf6 5. Nxf6+ gxf6 6. Be3 Bf5 7. Bd3 Bg6
8. h4 h5 9. Ne2 Nd7 10. Nf4 Rg8 11. Nxh5 Qa5+ 12. Bd2 Qxh5 13. g4 Qd5 14. f3
Qxd4 15. Bc3 Qe3+ 16. Be2 O-O-O 17. Bd4 Qf4 18. c3 Nb6 19. Qb3 Qg3+ 20. Bf2 Qc7
21. h5 Rh8 22. Rg1 Bd3 23. Qxf7 Qe5 24. Kf1 Bxe2+ 25. Kg2 Rd3 26. Qe8+ Rd8 27.
Qf7 Nd5 28. Bd4 Nf4+ 29. Kf2 Rxd4 30. cxd4 Qxd4+ 31. Kg3 Qe3 32. Qb3 Qe5 33.
Kh4 Bh6 34. Kg3 Nd3+ 35. Kg2 Bxf3+ 0-1

[Event "SR 3. liga A2 2006/2007"]
[Site "?"]
[Date "2006.11.05"]
[Round "3"]
[White "Blatnicky, Miroslav"]
[Black "Janko, Ladislav"]
[Result "0-1"]
[WhiteElo "2163"]
[BlackElo "2180"]
[Annotator "Vrbové - Gabcíkovo  /1/"]
[PlyCount "100"]
[EventDate "2006.??.??"]

1. e4 c6 2. d4 g6 3. Bd3 Bg7 4. c3 d5 5. e5 c5 6. Ne2 Nc6 7. O-O Qb6 8. dxc5
Qxc5 9. Be3 Qa5 10. f4 Nh6 11. Kh1 Bf5 12. Ng3 Ng4 13. Nxf5 gxf5 14. Bg1 e6 15.
Nd2 f6 16. Nb3 Qc7 17. Nc5 Qf7 18. exf6 Nxf6 19. Qb3 Rb8 20. Rae1 Ne4 21. Nxe6
Qxe6 22. c4 Nd4 23. Qa4+ Qd7 24. Qxa7 Nc6 25. Qc5 Ne7 26. Bxe4 dxe4 27. Rd1 Qc6
28. Qb4 Kf7 29. Rd6 Qc7 30. Bb6 Nc6 31. Qc5 Qc8 32. Rfd1 Ne7 33. Qb5 Bf6 34.
Bc5 Re8 35. Rd7 Qc6 36. Qb4 Rbc8 37. Bxe7 Rxe7 38. Rxe7+ Bxe7 39. Qb3 Qxc4 40.
Qxb7 Rd8 41. Rg1 e3 42. Qf3 Qe4 43. Qe2 Rd2 44. Qh5+ Kg7 45. Qh3 Qxf4 46. a4 e2
47. Qc3+ Bf6 48. Qa5 Be5 49. Qa7+ Kh6 50. Qb6+ Rd6 0-1

[Event "SR 3. liga A2 2006/2007"]
[Site "?"]
[Date "2006.11.05"]
[Round "3"]
[White "Janko, Michal"]
[Black "Feranec, Milan"]
[Result "1-0"]
[WhiteElo "2083"]
[BlackElo "1890"]
[Annotator "Vrbové - Gabcíkovo  /2/"]
[PlyCount "45"]
[EventDate "2006.??.??"]

1. e4 c6 2. d4 d6 3. Nc3 g6 4. Be3 Bg7 5. Qd2 h5 6. h3 Nd7 7. Nf3 Qa5 8. Bd3 e5
9. O-O a6 10. dxe5 dxe5 11. Bc4 Qc7 12. Ng5 Nh6 13. Rad1 Nf8 14. Na4 b5 15. Bb6
Qd7 16. Qb4 a5 17. Qc5 bxc4 18. Rxd7 Nxd7 19. Qxc6 Rb8 20. Ba7 O-O 21. Bxb8
Nxb8 22. Qd5 Nd7 23. Rd1 1-0

[Event "SR 3. liga A2 2006/2007"]
[Site "?"]
[Date "2006.11.05"]
[Round "3"]
[White "Krchnak, Rudolf"]
[Black "Szekely, Stefan"]
[Result "1/2-1/2"]
[WhiteElo "1950"]
[BlackElo "2054"]
[Annotator "Vrbové - Gabcíkovo  /3/"]
[PlyCount "38"]
[EventDate "2006.??.??"]

1. d4 d6 2. Nc3 Nf6 3. e4 g6 4. f4 Bg7 5. Nf3 O-O 6. Be3 Nbd7 7. Be2 b6 8. e5
Ng4 9. Bg1 c5 10. h3 Nh6 11. g4 Bb7 12. Rh2 cxd4 13. Bxd4 dxe5 14. Nxe5 f6 15.
Nxd7 Qxd7 16. Qd3 Qd6 17. Rf2 e5 18. Be3 Qxd3 19. Bxd3 exf4 $11 1/2-1/2

[Event "SR 3. liga A2 2006/2007"]
[Site "?"]
[Date "2006.11.05"]
[Round "3"]
[White "Puobis, Jozef"]
[Black "Smrek, Peter"]
[Result "1-0"]
[WhiteElo "2043"]
[BlackElo "1964"]
[Annotator "Vrbové - Gabcíkovo  /4/"]
[PlyCount "49"]
[EventDate "2006.??.??"]

1. e4 d6 2. d4 Nd7 3. Nf3 g6 4. Nc3 Bg7 5. Bd3 e5 6. Bg5 Ne7 7. dxe5 dxe5 8.
Nd5 f6 9. Nxe7 Qxe7 10. Bd2 Nc5 11. Qe2 Nxd3+ 12. Qxd3 Bd7 13. O-O-O O-O-O 14.
Be3 a6 15. Qc3 Bc6 16. Nd2 f5 17. f3 Qe6 18. Nb3 fxe4 19. Nc5 Qxa2 20. b3 exf3
21. g3 Rhe8 22. Rxd8+ Kxd8 23. Kd2 f2 24. Ra1 Rf8 25. Ne6+ 1-0

[Event "SR 3. liga A2 2006/2007"]
[Site "?"]
[Date "2006.11.05"]
[Round "3"]
[White "Lanyi, Frantisek"]
[Black "Kantor, Reka"]
[Result "0-1"]
[WhiteElo "1629"]
[BlackElo "1786"]
[Annotator "Vrbové - Gabcíkovo  /5/"]
[PlyCount "58"]
[EventDate "2006.??.??"]

1. e4 g6 2. d4 d6 3. f4 Bg7 4. c3 Nf6 5. Bd3 Nbd7 6. Nf3 c5 7. Be3 a6 8. h3 b5
9. O-O Bb7 10. e5 Nd5 11. Qe2 O-O 12. Nbd2 dxe5 13. fxe5 cxd4 14. cxd4 N7b6 15.
Rac1 Na4 16. Nb3 Nxe3 17. Qxe3 Nxb2 18. Nc5 Bd5 19. Rc2 Nxd3 20. Qxd3 Bc4 21.
Rxc4 bxc4 22. Qxc4 e6 23. Nxa6 Qa5 24. Nb4 Qa4 25. Ng5 h6 26. Ne4 Rfb8 27. Qc7
Qxb4 28. Rxf7 Qxd4+ 29. Nf2 Rb1+ 0-1

[Event "SR 3. liga A2 2006/2007"]
[Site "?"]
[Date "2006.11.05"]
[Round "3"]
[White "Bott, Tamas"]
[Black "Podjavorinsky, Peter"]
[Result "1/2-1/2"]
[WhiteElo "1902"]
[BlackElo "1704"]
[Annotator "Vrbové - Gabcíkovo  /6/"]
[PlyCount "48"]
[EventDate "2006.??.??"]

1. e4 e5 2. Nf3 Nf6 3. Nxe5 d6 4. Nf3 Nxe4 5. d4 d5 6. Bd3 Nf6 7. O-O Be7 8.
Re1 O-O 9. Bg5 Bg4 10. Nbd2 h6 11. Bh4 Nbd7 12. c3 c6 13. Qc2 Re8 14. h3 Bxf3
15. Nxf3 Nf8 16. Bg3 Bd6 17. Rxe8 Nxe8 18. Ne5 Nf6 19. Re1 Qc7 20. Bh4 g5 21.
Bg3 Re8 22. c4 N8d7 23. cxd5 cxd5 24. Qxc7 Bxc7 1/2-1/2

[Event "SR 3. liga A2 2006/2007"]
[Site "?"]
[Date "2006.11.05"]
[Round "3"]
[White "Lajda, Dusan"]
[Black "Kosar, Mikulas ml"]
[Result "1-0"]
[WhiteElo "1737"]
[BlackElo "1951"]
[Annotator "Vrbové - Gabcíkovo  /7/"]
[PlyCount "45"]
[EventDate "2006.??.??"]

1. e4 e5 2. Nf3 Nf6 3. Nxe5 d6 4. Nf3 Nxe4 5. Be2 Nc6 6. d4 d5 7. O-O Be7 8. c3
O-O 9. Bf4 Bf5 10. Nbd2 Re8 11. Bb5 Bg4 12. Qc2 Nxd2 13. Nxd2 Bd6 14. Bxd6 Qxd6
15. Bd3 h6 16. h3 Bh5 17. Rfe1 Qf4 18. Nf1 Ne7 19. Ng3 Bg6 20. Bxg6 Nxg6 21.
Re2 Qg5 22. Rae1 Rxe2 23. Qxe2 {
Z dalsieho skrabopisu iba jedneho dodaneho partiara neviem dalej pokracovat!}
1-0